000 00550nam a2200217Ia 4500
008 101110s9999 xx 000 0 und d
041 _aMARATHI
082 _bJR5534
100 _aBhosale K.M.,Damaji B.H.
245 _aChitanisacha vyavasay [Std-XII]
260 _c2007
_bPhadke Prakashan, Kolhapur
300 _a245
365 _b42
520 _aCommerce
546 _aMARATHI
630 _aChitanisacha vyavasay [Std-XII]
650 _aCommerce
655 _aCommerce
730 _aChitanisacha vyavasay [Std-XII]
942 _cBOOK
999 _c796329
_d796326